Biblioteca y Centro de Documentación

Empresa transnacional y nuevas relaciones laborales (Registro nro. 23845)

Detalles MARC
000 -CABECERA
Longitud fija campo de control 01242nam a2200349 c 4500
001 - NÚMERO DE CONTROL
Número de control 23845
003 - IDENTIFICADOR DE NÚMERO DE CONTROL
Identificador del número de control ES-MaCES
005 - FECHA Y HORA DE LA ÚLTIMA TRANSACCIÓN
Fecha y hora de la última transacción 20241122112815.0
008 - CAMPO FIJO DE DESCRIPCIÓN FIJA--INFORMACIÓN GENERAL
Códigos de información de longitud fija   110616s2011 sp bd t 000 | spa d
017 ## - NÚMERO DE REGISTRO DE DERECHOS DE AUTOR Y DEPÓSITO LEGAL
Número de copyright o de depósito legal M 13935-2011
Agencia que asigna el número DL
020 ## - ISBN (INTERNATIONAL STANDARD BOOK NUMBER)
Número Internacional Normalizado para Libros (ISBN) 9788483195864
035 ## - NÚMERO DE CONTROL DEL SISTEMA
Número de control del sistema CES20110004879m
040 ## - FUENTE DE CATALOGACIÓN
Centro catalogador de origen ES-MaCES
Lengua de catalogación spa
Centro transcriptor ES-MaCES
100 1# - ENCABEZAMIENTO PRINCIPAL--NOMBRE PERSONAL
Nombre de persona González Begega, Sergio
9 (RLIN) 13753
245 10 - MENCIÓN DE TÍTULO
Título Empresa transnacional y nuevas relaciones laborales
Resto del título : la experiencia de los comités de empresa europeos
Mención de responsabilidad, etc. Sergio González Begega
260 ## - PUBLICACIÓN, DISTRIBUCIÓN, ETC (PIE DE IMPRENTA)
Lugar de publicación, distribución, etc. Madrid
Nombre del editor, distribuidor, etc. Los Libros de la Catarata
Fecha de publicación, distribución, etc. [2011]
300 ## - DESCRIPCIÓN FÍSICA
Extensión 317 p.
Otras características físicas mapas, gráf. bl. y n.
Dimensiones 21 cm
490 1# - MENCIÓN DE SERIE
Mención de serie Colección Investigación y debate
Designación de volumen o secuencia 67
504 ## - NOTA DE BIBLIOGRAFÍA, ETC.
Nota de bibliografía, etc. Bibliografía: p. 301-314
541 ## - NOTA DE LA FUENTE INMEDIANTE DE ADQUISICIÓN
Forma de adquisición Compra
650 #4 - ASIENTO SECUNDARIO DE MATERIA--TÉRMINO DE MATERIA
Término de materia o nombre geográfico como elemento inicial empresa multinacional
9 (RLIN) 27142
650 #4 - ASIENTO SECUNDARIO DE MATERIA--TÉRMINO DE MATERIA
Término de materia o nombre geográfico como elemento inicial Comité de Empresa Europeo
9 (RLIN) 31042
650 #4 - ASIENTO SECUNDARIO DE MATERIA--TÉRMINO DE MATERIA
Término de materia o nombre geográfico como elemento inicial negociación colectiva
9 (RLIN) 28362
653 10 - TÉRMINO DE INDEXACIÓN--NO CONTROLADO
Término no controlado Relaciones laborales-Empleo
650 #4 - ASIENTO SECUNDARIO DE MATERIA--TÉRMINO DE MATERIA
9 (RLIN) 28369
Término de materia o nombre geográfico como elemento inicial relaciones laborales
650 #4 - ASIENTO SECUNDARIO DE MATERIA--TÉRMINO DE MATERIA
9 (RLIN) 26752
Término de materia o nombre geográfico como elemento inicial UE
650 #4 - ASIENTO SECUNDARIO DE MATERIA--TÉRMINO DE MATERIA
9 (RLIN) 30664
Término de materia o nombre geográfico como elemento inicial concertación social
830 #0 - ENCABEZAMIENTO SECUNDARIO DE COLECCIÓN--TÍTULO UNIFORME
Título uniforme Colección Investigación y debate (Los Libros de la Catarata)
Designación de volumen o secuencia 67
9 (RLIN) 34266
902 ## - CES. TIPO DE DOCUMENTO
Tipodoc (006$c Sirtex) LIB Libro
942 ## - ELEMENTOS KOHA
Fuente de clasificaión o esquema Clasificación propia del CES
Koha [por defecto] tipo de item Monografías
Parte de clasificación 2.0.
Existencias
Número de registro Signatura completa Tipo de item de Koha
079409 SG-2.0.-136 Monografías
© CES, Consejo Económico y Social de España 2021